000 00370nam a2200157 a 4500
005 20140310183234.0
008 040709s19uu xx 00 eng d
050 _aQM 101
_b.N277 2002
100 _aNTTC
245 _aBones and joints :
_bAP5 /
_cNTTC.
260 _c2002.
300 _a64 p. :
_c23 cm.
942 _cBK
_2lcc
_kLOC
999 _c20533
_d20533